| 000 | 00620nam a2200193 4500 | ||
|---|---|---|---|
| 001 | 111104 | ||
| 003 | ES-MaACL | ||
| 005 | 20260201162050.0 | ||
| 007 | t| | ||
| 008 | 061121s1933 sp r ||||1| spa d | ||
| 100 | 1 |
_aNagore, Daniel. _984847 |
|
| 245 | 1 | 0 |
_aCultivo de los cereales en España / _cpor Daniel Nagore. |
| 260 |
_aMadrid : _bManuel Marín y G. Campo, _c1922. |
||
| 300 |
_a222 p. : _bil ; _c15 cm. |
||
| 490 | 1 |
_aBiblioteca agropecuaria. Fuentes de riqueza ; _vVIII |
|
| 830 | 0 |
_aBiblioteca agropecuaria. Fuentes de riqueza _vVIII _9233049 |
|
| 852 |
_aES-MaACL _jC-14558 |
||
| 999 |
_c111104 _d111104 |
||